| 000 | 01226cam a2200349 i 4500 | ||
|---|---|---|---|
| 001 | 200454617 | ||
| 003 | TR-AnTOB | ||
| 005 | 20250718141309.0 | ||
| 007 | ta | ||
| 008 | 070808s1984 tu ad 001 0 tur d | ||
| 040 |
_aIU _beng _erda _cIU _dTR-AnTOB |
||
| 041 | 1 |
_atur _heng |
|
| 060 | 4 |
_aWI 380 _bB395p 1984 |
|
| 096 |
_aWI380 _bB395p 1984 |
||
| 100 | 1 |
_aBecker, H. D. _q(Heinrich D.) _eauthor _9143835 |
|
| 240 | 1 | 0 |
_aPostgastrectomy and postvagotomy syndromes. _lTurkish |
| 245 | 1 | 0 |
_aPostgastrektomi ve postvagotomi sendromları / _cH.D.Becker, W.F.Caspary ; Türkçeye çevirenler Mustafa Yılmaz, Ali Menteş. |
| 264 | 1 |
_aİzmir : _bBilgehan Basımevi, _c1984. |
|
| 300 |
_a202 pages : _billustrations, graphs, tables ; _c24 cm |
||
| 336 |
_atext _btxt _2rdacontent |
||
| 337 |
_aunmediated _bn _2rdamedia |
||
| 338 |
_avolume _bnc _2rdacarrier |
||
| 504 | _aBIBINDX | ||
| 650 | 0 | 2 |
_aPostgastrectomy Syndromes _9149253 |
| 650 | 0 | 2 |
_aStomach _xsurgery _9149254 |
| 650 | 0 | 2 |
_aVagotomy _xadverse effects _9149255 |
| 700 | 1 | 0 |
_aCaspary, W. F. _q(Wolfgang F.), _d1940- _eauthor _9143836 |
| 700 | 0 |
_aYılmaz, Mustafa _etranslator _910264 |
|
| 700 | 1 | 0 |
_aMenteş, Ali _etranslator _9143838 |
| 942 |
_2NLM _cBK |
||
| 999 |
_c200454617 _d72829 |
||